• 首页
  • 本馆介绍
  • 公告通知
  • 最新文献
  • 馆藏检索
  • 电子资源
  • 读者导购
  • 参考咨询
  • 我的图书馆
  • 登录
  • 详细信息显示
  • 放入我的书架
  • 预约/预借图书
  • 作者相关作品
  • 分类相关作品
  • 丛书相关作品
  • 出版社相关作品

书目信息

  • 表格格式
  • 工作单格式
  • 卡片格式
题名:
甜瓜、西瓜大棚技术问答
    
 
作者: 胡永军 主编
分册:  
出版信息: 北京   化学工业出版社  2010
页数: 177页
开本: 21cm
丛书名: 农村书屋系列
单 册:
中图分类: S652 , S651
科图分类:
主题词: 甜瓜--温室栽培 , 西瓜--温室栽培 , 甜瓜 , 温室栽培 , 西瓜
电子资源:
ISBN: 978-7-122-08014-1
000 01008oam2 2200313 45
001 1130716312
005 20110310090244.89
010    @a978-7-122-08014-1@dCNY18.00
100    @a20110122d2010 em y0chiy50 ea
101 0  @achi
102    @aCN@b110000
105    @aa z 000yy
106    @ar
200 1  @a甜瓜、西瓜大棚技术问答@ATian Gua、 Xi Gua Da Peng Ji Shu Wen Da@f胡永军主编@FHu Yong Jun Zhu Bian
210    @a北京@c化学工业出版社@d2010
215    @a177页@c图@d21cm
225 2  @a农村书屋系列
330    @a本书以问答的形式,介绍了寿光农民在甜瓜、西瓜生产中的种植经验与关键技术,常见的疑难问题及解决办法。具体包括温室建造、优良品种选择、育苗技术、栽培管理、病虫害防治等问题。
461  0 @12001 @a农村书屋系列
606 0  @a甜瓜@x温室栽培
606 0  @a西瓜@x温室栽培
606 0  @a甜瓜
606 0  @a温室栽培
606 0  @a西瓜
690    @aS652@v4
690    @aS651@v4
701  0 @a胡永军@AHu Yong Jun@4主编
801  0 @aCN@bTANGWEI@c20110310
905    @b0531630-33@dS652@e218@f4
    
    甜瓜、西瓜大棚技术问答/胡永军主编.-北京:化学工业出版社,2010
    177页:图;21cm.-(农村书屋系列)
    
    
    ISBN 978-7-122-08014-1:CNY18.00
    本书以问答的形式,介绍了寿光农民在甜瓜、西瓜生产中的种植经验与关键技术,常见的疑难问题及解决办法。具体包括温室建造、优良品种选择、育苗技术、栽培管理、病虫害防治等问题。
●
相关链接 在E读中查询图书 在五车中查询图书 在当当中查询图书 在豆瓣中查询图书


正题名:甜瓜、西瓜大棚技术问答     索取号:S652/218         预约/预借

序号 登录号 条形码 馆藏地/架位号 状态 备注
1 0531630   205316308   第二样本阅览室/ [索取号:S652/218] 在馆    
2 0531631   205316317   密集书库-生命科学系/ [索取号:S652/218] 在馆    
3 0531632   205316326   第三借阅区/ [索取号:S652/218] 在馆    
4 0531633   205316335   第三借阅区/ [索取号:S652/218] 在馆    
唐山师范学院图书馆 欢迎您!
大连网信软件有限公司© 版权所有